[Event "IECG CN.1998.0.00076"]
[Site "IECG email"]
[Date "1998.07.29"]
[Round "?"]
[White "Gall, Colin"]
[Black "Slavik, Petr"]
[Result "1/2-1/2"]
[WhiteElo "800"]
[BlackElo "800"]
[PlyCount "58"]
[EventDate "1998.07.29"]
[EventType "tourn (corr)"]
[EventRounds "5"]
[SourceTitle "Corr 2008"]
[Source "ChessBase"]
[SourceDate "2008.06.24"]
[SourceVersion "1"]
[SourceVersionDate "2008.06.24"]
[SourceQuality "1"]

1. e4 e5 2. f4 exf4 3. Nf3 d5 4. exd5 Nf6 5. Bc4 Bd6 6. Nc3 0-0 7. 0-0 c6 8. d4 b5 9. Bb3 b4 10. Ne2 Ba6 11. dxc6 Qb6 12. c4 bxc3 13. bxc3 Qxc6 14. Ne5 Bxe5 15. dxe5 Qc5+ 16. Kh1 Qxe5 17. Re1 Re8 18. Bxf4 Qe4 19. Ng3 Qxe1+ 20. Qxe1 Rxe1+ 21. Rxe1 Nbd7 22. Re7 Rf8 23. Be3 Rc8 24. Bd4 Bc4 25. Bxc4 Rxc4 26. Bxf6 Nxf6 27. Rxa7 g6 28. Ne2 Re4 29. Ng1 Re3 1/2-1/2

[Event "IECG CP.1998.P.00026"]
[Site "IECG email"]
[Date "1998.??.??"]
[Round "?"]
[White "MacLean, Thayne Douglas"]
[Black "Gall, Colin"]
[Result "1-0"]
[WhiteElo "1087"]
[BlackElo "800"]
[PlyCount "35"]
[EventDate "1998.10.01"]
[EventType "tourn (corr)"]
[EventRounds "6"]
[EventCountry "MAS"]
[SourceTitle "Corr 2008"]
[Source "ChessBase"]
[SourceDate "2008.06.24"]
[SourceVersion "1"]
[SourceVersionDate "2008.06.24"]
[SourceQuality "1"]

1. e4 d6 2. g3 g6 3. Bg2 Bg7 4. Nf3 Nf6 5. d3 0-0 6. 0-0 c5 7. c4 Nc6 8. Nc3 Bd7 9. a4 Ng4 10. h3 Nge5 11. Nd5 Nxf3+ 12. Qxf3 Nd4 13. Qd1 e6 14. Nc3 a6 15. Be3 Qb6 16. Rb1 Bc6 17. Bxd4 cxd4 18. Ne2 1-0